Normal view
MARC view
Entry Corporate Name
001 - CONTROL NUMBER
- control field: 5578
003 - CONTROL NUMBER IDENTIFIER
- control field: OSt
005 - DATE AND TIME OF LATEST TRANSACTION
- control field: 20211105132658.0
008 - FIXED-LENGTH DATA ELEMENTS
- fixed length control field: 211105|| aca||aabn | a|a d
040 ## - CATALOGING SOURCE
- Original cataloging agency: OSt
- Transcribing agency: OSt
110 ## - HEADING--CORPORATE NAME
- Corporate name or jurisdiction name as entry element: Joint Institute for Laboratory Astrophysics
670 ## - SOURCE DATA FOUND
- Source citation: Work cat.: (OSt): International conference on photonic, electronic and atomic collisions 5th Russia 1967 July 17-23 5576, The physics of electronic and atomic collisions, 1967